000 00464nam a2200169Ia 4500
003 GCL
008 140319s9999 xx 000 0 ara d
040 _aGCL /
_cGCL
082 0 4 _a414
_bع ت
100 1 _aعبدالعزيز عتيق
245 1 0 _aتاريخ البلاغة العربية /
_cعبدالعزيز عتيق
300 _a328 ص
490 _a
650 0 4 _aاللغة العربية
650 0 4 _aالبلاغة العربية
942 _2ddc
_cBK
999 _c37616
_d37616